<?xml version="1.0" encoding="UTF-8"?><?xml-stylesheet type="text/xsl" href="static/style.xsl"?><OAI-PMH xmlns="http://www.openarchives.org/OAI/2.0/" xmlns:xsi="http://www.w3.org/2001/XMLSchema-instance" xsi:schemaLocation="http://www.openarchives.org/OAI/2.0/ http://www.openarchives.org/OAI/2.0/OAI-PMH.xsd"><responseDate>2026-06-01T23:50:57Z</responseDate><request verb="GetRecord" identifier="oai:riuma.uma.es:10630/37720" metadataPrefix="marc">https://riuma.uma.es/rest/oai/request</request><GetRecord><record><header><identifier>oai:riuma.uma.es:10630/37720</identifier><datestamp>2026-02-03T11:06:43Z</datestamp><setSpec>com_10630_2254</setSpec><setSpec>col_10630_37953</setSpec></header><metadata><record xmlns="http://www.loc.gov/MARC21/slim" xmlns:dcterms="http://purl.org/dc/terms/" xmlns:doc="http://www.lyncode.com/xoai" xmlns:xsi="http://www.w3.org/2001/XMLSchema-instance" xsi:schemaLocation="http://www.loc.gov/MARC21/slim http://www.loc.gov/standards/marcxml/schema/MARC21slim.xsd">
   <leader>00925njm 22002777a 4500</leader>
   <datafield ind2=" " ind1=" " tag="042">
      <subfield code="a">dc</subfield>
   </datafield>
   <datafield ind2=" " ind1=" " tag="720">
      <subfield code="a">Trinidad-Fernández, Manuel</subfield>
      <subfield code="e">author</subfield>
   </datafield>
   <datafield ind2=" " ind1=" " tag="720">
      <subfield code="a">González-Molina, Francisco</subfield>
      <subfield code="e">author</subfield>
   </datafield>
   <datafield ind2=" " ind1=" " tag="720">
      <subfield code="a">Moya-Esteban, Alejandro</subfield>
      <subfield code="e">author</subfield>
   </datafield>
   <datafield ind2=" " ind1=" " tag="720">
      <subfield code="a">Roldán-Jiménez, Cristina</subfield>
      <subfield code="e">author</subfield>
   </datafield>
   <datafield ind2=" " ind1=" " tag="720">
      <subfield code="a">González-Sánchez, Manuel</subfield>
      <subfield code="e">author</subfield>
   </datafield>
   <datafield ind2=" " ind1=" " tag="720">
      <subfield code="a">Cuesta-Vargas, Antonio</subfield>
      <subfield code="e">author</subfield>
   </datafield>
   <datafield ind2=" " ind1=" " tag="260">
      <subfield code="c">2020-08-11</subfield>
   </datafield>
   <datafield ind2=" " ind1=" " tag="520">
      <subfield code="a">Background: Grip strength is a powerful predictor of disability as well as a good indicator of physical activity.&#xd;
Objectives: This study aimed to relate ultrasound (US) and electromyography (EMG) simultaneously to maximum hand-grip strength during an isometric contraction.&#xd;
Approach: This is a cross-sectional study. Data acquisition was done with a dynamometer, US and EMG. Outcome variables included maximum strength during the hand-grip gesture, maximum muscle activity and change in muscle thickness. A non-linear regression analysis was performed to analyse the relationship between all outcome variables.&#xd;
Main results: A total of 38 subjects (18 men and 20 women) participated in the study. The mean results for hand-grip strength were 25.50 (SD 6.55) kg of maximum strength, a change in muscle thickness of 1.83 (SD 0.75) mm and an EMG activity of 499.29 (SD 224.20) µV. Hand-grip strength had a high correlation with muscle thickness (R 2 = 0.61) and EMG activity (R 2 = 0.95). The correlation between maximum muscle activity and change in muscle thickness was R 2 = 0.83.&#xd;
Significance: The results of the present study demonstrate that this new method based on electromyographic activity and muscule architecture could be important in the development of the hand-grip test.</subfield>
   </datafield>
   <datafield ind1="8" ind2=" " tag="024">
      <subfield code="a">Trinidad-Fernández M, González-Molina F, Moya-Esteban A, Roldán-Jiménez C, González-Sánchez M, Cuesta-Vargas AI. Muscle activity and architecture as a predictor of hand-grip strength. Physiol Meas. 2020 Aug 11;41(7):075008. doi: 10.1088/1361-6579/aba007. PMID: 32585652.</subfield>
   </datafield>
   <datafield ind1="8" ind2=" " tag="024">
      <subfield code="a">https://hdl.handle.net/10630/37720</subfield>
   </datafield>
   <datafield ind1="8" ind2=" " tag="024">
      <subfield code="a">10.1088/1361-6579/aba007</subfield>
   </datafield>
   <datafield tag="653" ind2=" " ind1=" ">
      <subfield code="a">Electromiografía</subfield>
   </datafield>
   <datafield tag="653" ind2=" " ind1=" ">
      <subfield code="a">Manos - Músculos</subfield>
   </datafield>
   <datafield ind2="0" ind1="0" tag="245">
      <subfield code="a">Muscle activity and architecture as a predictor of hand-grip strength.</subfield>
   </datafield>
</record>
</metadata></record></GetRecord></OAI-PMH>